LEADER 00878nam0-22002891i-450- 001 990000118420403321 035 $a000011842 035 $aFED01000011842 035 $a(Aleph)000011842FED01 035 $a000011842 100 $a20011111d--------km-y0itay50------ba 101 0 $aita 105 $ay-------001yy 200 1 $a5. Convegno nazionale, Udine, 28-30 maggio 1986$fAssociazione nazionale disegno di macchine. 210 $aUdine$cs.e.$d1986 215 $aXIV, 367 p.$cill.$d24 cm 610 0 $aMacchine$aDisegno$aCongressi$a1986 676 $a621.815 710 02$aAssociazione nazionale disegno di macchine$04220 801 0$aIT$bUNINA$gRICA$2UNIMARC 901 $aBK 912 $a990000118420403321 952 $a13 G 15 12$b6774$fFINBC 959 $aFINBC 996 $a5. Convegno nazionale, Udine, 28-30 maggio 1986$9114859 997 $aUNINA DB $aING01 LEADER 01140cam0 2200301 450 001 E600200011637 005 20251203140054.0 010 $a8815087664 100 $a20050726d2002 |||||ita|0103 ba 101 $aita 102 $aIT 200 1 $aRicordare$eforme e mutamenti della memoria culturale$fAleida Assmann 210 $aBologna$cIl Mulino$d2002 215 $a462 p.$d22 cm 225 2 $aCollezione di testi e studi$eFilologia e critica letteraria 410 1$1001LAEC00018768$12001 $a*Collezione di testi e studi : Filologia e critica letteraria 700 1$aAssmann$b, Aleida$3AF00012997$4070$0169588 801 0$aIT$bUNISOB$c20251203$gRICA 850 $aUNISOB 852 $aUNISOB$j300$m126726 852 $aUNISOB$j300$m114831 912 $aE600200011637 940 $aM 102 Monografia moderna SBN 941 $aM 957 $a300$b004178$gBRE$d126726$racquisto$1pomicino$2UNISOB$3UNISOB$420050726070952.0$520251203140054.0$6Spinosa$fTesto 2022/2023 957 $a300$b003530$gSI$d114831$rACQUISTO$1Spinosa$2UNISOB$3UNISOB$420190909111845.0$520190909111857.0$6Spinosa 996 $aRicordare$9254447 997 $aUNISOB LEADER 02592nas 2200673-a 450 001 9910135867403321 005 20260218111735.0 035 $a(DE-599)ZDB2476399-8 035 $a(CKB)110979839327233 035 $a(CONSER)---79645897- 035 $a(DE-599)2476399-8 035 $a(EXLCZ)99110979839327233 100 $a20790502b19731980 -a- a 101 0 $aeng 181 $ctxt$2rdacontent 182 $cc$2rdamedia 183 $acr$2rdacarrier 200 00$aDigest of United States practice in international law 210 $aWashington, D.C. $cOffice of the Legal Adviser, Dept. of State $cFor sale by the Supt. of Docs., U.S. G.P.O.$d1974-1986 215 $a1 online resource 225 1 $aDepartment of State publication 300 $aPrepared by: Arthur W. Rovine, 1973-1974; Eleanor C. McDowell, 1975-1976; John A. Boyd, 1977; Marian L. Nash, 1978- 311 08$aPrint version: Digest of United States practice in international law. 0095-3369 (DLC) 79645897 410 0$aDepartment of State publication. 531 $aDIGEST OF THE UNITED STATES PRACTICE IN INTERNATIONAL LAW 606 $aInternational law$vPeriodicals 606 $aDerecho internacional$2embne 606 $aInternational law$2fast$3(OCoLC)fst00976984 606 $aDiplomatic relations$2fast$3(OCoLC)fst01907412 606 $aInternationaal recht$2gtt 606 $aDroit international$2rasuqam 606 $aPolitique étrangère$2rasuqam 606 $aUNITED STATES$2unbist 606 $aINTERNATIONAL LAW$2unbist 607 $aUnited States$xForeign relations$vPeriodicals 607 $aUnited States$2fast$1https://id.oclc.org/worldcat/entity/E39PBJtxgQXMWqmjMjjwXRHgrq 607 $aÉtats-Unis$2rasuqam 608 $aPeriodicals.$2fast 608 $aPeriodicals.$2lcgft 615 0$aInternational law 615 7$aDerecho internacional. 615 7$aInternational law. 615 7$aDiplomatic relations. 615 17$aInternationaal recht. 615 7$aDroit international. 615 7$aPolitique étrangère. 615 07$aUNITED STATES. 615 07$aINTERNATIONAL LAW. 676 $a341/.0973 701 $aRovine$b Arthur W$0261319 701 $aMcDowell$b Eleanor C$0290709 701 $aBoyd$b John A.$f1942-$0850761 701 $aNash$b Marian Lloyd$0850762 712 02$aUnited States.$bDepartment of State.$bOffice of the Legal Adviser. 906 $aJOURNAL 912 $a9910135867403321 920 $aexl_impl conversion 996 $aDigest of United States practice in international law$91899605 997 $aUNINA